01352nam a22001937a 45000010005000000030006000050050017000110080041000280200018000690400029000870500014001160820011001301000017001412450065001582600051002233000061002745200793003356500030011286780FISKH20250528085805.0250528b cb ||||| |||| 00| 0 eng d a9780805495812 aFISKHbengcFISKHdFISKH aBT482.P69 a232.97 aPowell, Doug aResurrection iWitness /cWritten and designed by Doug Powell aNashville :bB & H Publishing Group , c2012.  a32 unnumbered pages : bcolor illustrations ; c31 cm .  aComparable in style to the best-selling Ologies children's fantasy book series, Resurrection iWitness brings truth to the highly illustrated genre. This book gives evidence for the resurrection of Jesus Christ by using the easy-to-understand Minimal Facts argument. That means it relies only on the historical facts that almost all biblical scholars (including atheistic, Jewish, and liberal) accept and shows how only the biblical story of the resurrection can account for all these agreed-upon facts. Across 32 intensively designed pages (16 spreads acting as individual chapters) -- each containing information that is physically nested and must be actively opened to discover -- the reader investigates the story of Christ and weighs the evidence to determine its historical accuracy. aApologeticsvNon-fiction